Měření stejnosměrných svařovacích proudů s číslicovým záznamem signálu

Bibliographic Details
Main Authors: Jermář, Stanislav (Author), Stopková, Daniela (Author)
Format: Article
Language:Slovak
PhysicalDescription:Obr. 1. Grafy 1. Sch. 2., lit. 4 zázn. v češ.
Subjects:

MARC

LEADER 00000nab a2200000 a 4500
001 vtls000340253
003 SK-MaSNL
005 20260303201649.0
008 230223c1988 xo 0 slo
015 |a SNBRB19rr/mm-uuuuu 
035 |a CL0340375 
035 |a urn:nbn:sk:snk-ab6puz 
035 |a (uuid)2a925f2f-0b47-4dd4-afd4-50c47315f0da 
035 |a (urnnbn)urn:nbn:sk:snk:ar-005r72 
035 |a (sysno)vtls000340253 
040 |a SNKBUCL  |b slo  |c SNKBUCL  |e AACR2 
041 0 |a slo 
044 |a xo  |c SK 
080 |a 621.791.7:621.317.3  |2 1981 
080 |a 621.317.3  |2 1981 
100 1 |a Jermář, Stanislav  |4 aut  |9 1232707 
245 1 0 |a Měření stejnosměrných svařovacích proudů s číslicovým záznamem signálu  |c Stanislav Jermář, Daniela Stopková 
300 |b Obr. 1. Grafy 1. Sch. 2., lit. 4 zázn. v češ. 
650 0 7 |a odporové zváracie stroje  |2 snkbucl  |9 93777 
650 0 7 |a prúdy zváracie jednosmerné  |2 snkbucl  |9 1232708 
650 0 7 |a turistické chodníky  |2 snkbucl  |9 71065 
655 7 |a články z novín a časopisov  |2 snkbucl  |9 267496 
700 1 |a Stopková, Daniela  |4 aut  |9 1156222 
773 0 |t Zváranie  |g Roč. 37, č. 10 (1988), s. 306-309 
850 |a Slovenská národná knižnica v Martine  |a MTA001 
852 |a SNK  |b KIS3GCP 
954 |a odborná, vedecká literatúra pôvodná (slovenská)  |2 lita 
958 |a OND 
958 |a RK 
958 |a CZ 
958 |a EUIPO 
958 |a article 
992 |a RBX 
999 |c 2175348  |d 2177278